| 000 | 00608nam a2200181Ia 4500 | ||
|---|---|---|---|
| 003 | GCL | ||
| 008 | 140319s9999 xx 000 0 ara d | ||
| 040 |
_aGCL / _cGCL |
||
| 082 | 0 | 4 |
_a425 _bم ق |
| 100 | 1 | _aمحمد خليل فرحات | |
| 245 | 1 | 0 |
_aالقواعد والمحادثة / _cمحمد خليل فرحات |
| 300 | _a302 ص | ||
| 490 |
_aمدخل شامل لتعليم اللغة الانجليزية _v0 |
||
| 650 | 0 | 4 | _aاللغة الانجليزية |
| 650 | 0 | 4 | _aاللغة الانجليزية - قواعد |
| 650 | 0 | 4 | _aاللغة الانجليزية - محادثة |
| 942 |
_2ddc _cBK |
||
| 999 |
_c48446 _d48446 |
||